| 000 | 02067nam a2200433 c 4500 | ||
|---|---|---|---|
| 003 | BLK | ||
| 005 | 20241216164640.0 | ||
| 008 | 180408b bul|||||r ||||||| ||bul|| | ||
| 010 | _aKNG00093764000 | ||
| 020 |
_a978-954-400-022-6 _bиздат.: Фабер |
||
| 040 | _aBLK | ||
| 041 |
_aBUL _cBUL |
||
| 080 |
_aБългарска литература _b821.163.2 _x(092) _z821.163.2(092) |
||
| 080 |
_aБългарска литература _b821.163.2 _x.09 _z821.163.2.09 |
||
| 080 |
_aИзобразителни изкуства и художествени занаяти _b73/76 _x.071.1(497.2)(092) _z73/76.071.1(497.2)(092) |
||
| 080 |
_aБиографии _b929 _x(497.2) _z929(497.2) |
||
| 100 | 1 |
_aЛебедова, Румяна Димитрова _eпърви автор _987954 |
|
| 700 |
_aРадев, Радослав Димитров _9364728 |
||
| 139 |
_aЛебедова, Румяна Димитрова и др. _bЛ 33 |
||
| 245 | 1 | 0 |
_aСбъднати пътувания на духа чрез словото и пластиката _cРумяна Димитрова Лебедова; съавт. Радослав Димитров Радев. |
| 257 | _aBGR | ||
| 260 |
_аВ. Търново _bФабер _c2008 |
||
| 300 |
_a220 с. _bс ил. _c20 см |
||
| 380 | _a82 | ||
| 650 | 4 |
_aБългарска литература - теми, образи, сюжети _9242409 |
|
| 650 | 4 |
_aПисатели, български - творчество _9250544 |
|
| 650 | 4 |
_aИзобразително изкуство, българско _9243150 |
|
| 650 | 4 |
_aХудожници, български - творчество _9280337 |
|
| 653 | _aбългарска литература | ||
| 653 | _aбългарски писатели | ||
| 653 | _aбългарски художници | ||
| 653 | _aизобразително изкуство | ||
| 852 | _aЦб 246720 | ||
| 856 | 4 |
_qpdf _u |
|
| 856 | 4 |
_qpdf _u |
|
| 942 |
_cKNG _n0 |
||
| 944 |
_aCR _c22.01.2010 _k30550 _lКети Илиева |
||
| 944 |
_aED _c14.10.2011 _k |
||
| 999 |
_c89071 _d89071 |
||